Courteous exchanges: Spenser's and Shakespeare's gentle dialogues with readers and audiences

Saved in:  
Bibliographic Details
Main Author: Wareh, Patricia (Author)
Format: Print Book
Language:English
Subito Delivery Service: Order now.
Check availability: HBZ Gateway
WorldCat: WorldCat
Interlibrary Loan:Interlibrary Loan for the Fachinformationsdienste (Specialized Information Services in Germany)
Published: Manchester Manchester University Press 2024
In:Year: 2024
Reviews:[Rezension von: Wareh, Patricia, Courteous exchanges : Spenser's and Shakespeare's gentle dialogues with readers and audiences] (2025) (Garrison, John S.)
Series/Journal:The Manchester spenser
Standardized Subjects / Keyword chains:B Shakespeare, William 1564-1616 / Spenser, Edmund 1552-1599 / Courtly culture / Audience
B Dialogue / Courtly culture / Politeness / Reader / Girard, René 1923-2015
RelBib Classification:KAH Church history 1648-1913; modern history
KBF British Isles
Parallel Edition:Electronic
Erscheint auch als: Courteous exchanges. - 9781526149848

MARC

LEADER 00000cam a2200000 c 4500
001 1897183909
003 DE-627
005 20260215125447.0
007 tu
008 240731s2024 xxk||||| 00| ||eng c
020 |a 9781526149855  |q hbk 
035 |a (DE-627)1897183909 
035 |a (DE-599)KXP1897183909 
035 |a (OCoLC)1456138158 
035 |a (DE-604)BV049687297 
040 |a DE-627  |b ger  |c DE-627  |e rda 
041 |a eng 
044 |c XA-GB 
082 0 |a 821.3  |q SEPA 
084 |a 1  |2 ssgn 
084 |a 17.90  |2 bkl 
084 |a 18.05  |2 bkl 
100 1 |e VerfasserIn  |0 (DE-588)1340753073  |0 (DE-627)1900845032  |4 aut  |a Wareh, Patricia 
109 |a Wareh, Patricia 
245 1 0 |a Courteous exchanges  |b Spenser's and Shakespeare's gentle dialogues with readers and audiences  |c Patricia Wareh 
264 1 |a Manchester  |b Manchester University Press  |c 2024 
300 |a viii, 278 Seiten 
336 |a Text  |b txt  |2 rdacontent 
337 |a ohne Hilfsmittel zu benutzen  |b n  |2 rdamedia 
338 |a Band  |b nc  |2 rdacarrier 
490 0 |a The Manchester spenser 
652 |a KAH:KBF 
689 0 0 |d p  |0 (DE-588)118613723  |0 (DE-627)133447340  |0 (DE-576)209110236  |2 gnd  |a Shakespeare, William  |d 1564-1616 
689 0 1 |d p  |0 (DE-588)118616129  |0 (DE-627)079405673  |0 (DE-576)209116773  |2 gnd  |a Spenser, Edmund  |d 1552-1599 
689 0 2 |d s  |0 (DE-588)4122200-3  |0 (DE-627)105764175  |0 (DE-576)209549483  |2 gnd  |a Höfische Kultur 
689 0 3 |d s  |0 (DE-588)4047764-2  |0 (DE-627)106193600  |0 (DE-576)20907468X  |2 gnd  |a Publikum 
689 0 |5 (DE-627) 
689 1 0 |d s  |0 (DE-588)4012061-2  |0 (DE-627)106350102  |0 (DE-576)208896708  |2 gnd  |a Dialog 
689 1 1 |d s  |0 (DE-588)4122200-3  |0 (DE-627)105764175  |0 (DE-576)209549483  |2 gnd  |a Höfische Kultur 
689 1 2 |d s  |0 (DE-588)4160349-7  |0 (DE-627)105478504  |0 (DE-576)209857056  |2 gnd  |a Höflichkeit 
689 1 3 |d s  |0 (DE-588)4035441-6  |0 (DE-627)106247670  |0 (DE-576)209012706  |2 gnd  |a Leser 
689 1 4 |d p  |0 (DE-588)118539507  |0 (DE-627)079338933  |0 (DE-576)161119867  |2 gnd  |a Girard, René  |d 1923-2015 
689 1 |5 (DE-627) 
776 1 |z 9781526149848  |c EPUB 
776 0 8 |i Erscheint auch als  |n Online-Ausgabe  |t Courteous exchanges  |z 9781526149848 
776 0 8 |i Erscheint auch als  |n Online-Ausgabe  |a Wareh, Patricia  |t Courteous exchanges  |b 1st ed.  |d Manchester : Manchester University Press, 2024  |h 1 online resource (289 pages)  |w (DE-627)1908036524  |z 9781526149862  |k Electronic 
787 0 8 |i Rezensiert in  |a Garrison, John S.  |t [Rezension von: Wareh, Patricia, Courteous exchanges : Spenser's and Shakespeare's gentle dialogues with readers and audiences]  |d 2025  |w (DE-627)1920656952 
935 |a GIRA 
936 b k |a 17.90  |j Literatur in Beziehung zu anderen Bereichen von Wissenschaft und Kultur  |q DA-3  |0 (DE-627)106404385 
936 b k |a 18.05  |j Englische Literatur  |q DA-3  |0 (DE-627)10640539X 
951 |a BO 
ELC |b 1 
LOK |0 000 xxxxxcx a22 zn 4500 
LOK |0 001 4815094012 
LOK |0 003 DE-627 
LOK |0 004 1897183909 
LOK |0 005 20260215125206 
LOK |0 008 251127||||||||||||||||ger||||||| 
LOK |0 040   |a DE-Tue135-1  |c DE-627  |d DE-Tue135-1 
LOK |0 852   |a DE-Tue135-1 
LOK |0 852 1  |m p  |9 00 
LOK |0 866   |x Bibliography 52 
LOK |0 866   |x Notation: Literaturwissenschaft 
LOK |0 935   |a inmo 
LOK |0 936ln  |0 1442044888  |a KBF 
LOK |0 936ln  |0 1442044624  |a KAH 
LOK |0 938   |k p 
LOK |0 939   |a 27-11-25  |b l01 
ORI |a TA-MARC-ixtheoa001.raw 
REL |a 1 
STA 0 0 |a Audience,Audiences,Courtly culture,Court life,Nobility,Dialogue,Dialogue,Dialogue,Dialog,Dialogue,Politeness,Courtesy,Civility,Reader,Books and reading,Books and reading in literature,Books and reading in art 
STB 0 0 |a Culture de cour,Culture courtoise,Culture courtoise,Dialogue,Dialogue,Dialogue,Dialogue,Lecteur,Politesse,Courtoisie,Courtoisie,Public,Publics 
STC 0 0 |a Cortesía,Cultura de corte,Diálogo,Diálogo,Diálogo,Diálogo,Lector,Público 
STD 0 0 |a Cortesia,Cultura cortese,Dialogo,Dialogo,Dialogo,Dialogo,Lettore,Pubblico 
STE 0 0 |a 宫庭文化,对话,对话,有礼貌,读者,阅览者 
STF 0 0 |a 宮庭文化,對話,對話,有禮貌,讀者,閱覽者,閱聽人 
STG 0 0 |a Cortesia,Cultura de corte,Diálogo,Diálogo,Diálogo,Diálogo,Leitor,Público 
STH 0 0 |a Вежливость,Диалог (мотив),Диалог (музыка),Диалог (литературный жанр),Диалог,Придворная культура,Публика,Читатель,Чтец 
STI 0 0 |a Ακροατήριο,Κοινό,Αναγνώστης,Διάλογος (μοτίβο),Διάλογος (μουσική),Διάλογος (λογοτεχνικό είδος),Διάλογος,Ευγένεια,Πολιτισμός της Αυλής 
SUB |a REL 
SYG 0 0 |a Shashibiya,1564-1616,Schakespear, William,1564-1616,Schakespear,1564-1616,Šaḳisper, Veilliyam,1564-1616,Šaḳisper, Veilliyem,1564-1616,Šaḳisper,1564-1616,Šeḳisper,1564-1616,Šekesper,1564-1616,Šekesper, Wilyam,1564-1616,Shakespeare, Guillermo,1564-1616,Chekchapiyera, William,1564-1616,Saixpēr, Uilliam,1564-1616,Saixpēros,1564-1616,Šakisbīr, Williyam,1564-1616,S'egsi-pe-yar, Wi-li-am,1564-1616,Sekhspír,1564-1616,Šekspir, Vilijam,1564-1616,Šekspir, Vil'jam,1564-1616,Šekspir, V.,1564-1616,Šekspir, Wiliam,1564-1616,Šekspir, William,1564-1616,Šekspiras, Viljamas,1564-1616,Šek'spiri, Uiliam,1564-1616,Šekspīrs, Viljams,1564-1616,Šekspyras, V.,1564-1616,Shakespear, W.,1564-1616,Shakespear, William,1564-1616,Shake-Spear, William,1564-1616,Shakespeare,1564-1616,Shakespeare, Gwilherm,1564-1616,Shakespeare, W.,1564-1616,Shakespeare, Wilhelm,1564-1616,Shakespeare, Willhelm,1564-1616,Shakespearowy, W.,1564-1616,Shake-Speare, William,1564-1616,Shakspear,1564-1616,Shakspeare,1564-1616,Shakspeare, Guglielmo,1564-1616,Shakspeare, Guillaume,1564-1616,Shakspeare, William,1564-1616,Shak-Speare, William,1564-1616,Shashibiya, William,1564-1616,Sheikusupia, Uiriamu,1564-1616,Sheḳspir, Ṿiliam,1564-1616,Šhekspir, Viliam,1564-1616,Shex'pir, Wil'yam,1564-1616,Shig-si-phi-ya,1564-1616,Sheg-si-phi-yar,1564-1616,Šiksbīr, Wīlīam,1564-1616,Šiksbīr, Willyam,1564-1616,Šikspīr, Wīlīam,1564-1616,Szekspir, Wiliam,1564-1616,Szekspir, William,1564-1616,Sheḳspir, Ṿiliyam,1564-1616,Schakespeare, William,1564-1616,Šaksbīr, Wiliyam,1564-1616,Shashibiya,1564-1616,Shakspere,1564-1616,Šekspir, Uil'jam,1564-1616,Shakespear,1564-1616,Saixpēr,1564-1616,Sakespeiros,1564-1616,Shakesperae, William,1564-1616,Shackespear,1564-1616,S., W.,1564-1616,Shakespeare, Guglielmo,1564-1616,S̆ekspir, Vilʹjam,1564-1616,S̆ekspir, Viljem,1564-1616,S̆ekspyras, Viljamas,1564-1616,S̆ekhspiri, Wiliam,1564-1616,Chakespear, William,1564-1616,Sakespear, William,1564-1616,Shakspeare, Wilhelm,1564-1616,Šekspir,1564-1616,Shak-speare, William,1564-1616,Šekspir, Vilém,1564-1616,Šekspire,1564-1616,Shaksper, William,1564-1616,Szekspir, Wiljam,1564-1616,Saíxpēr, Uílliam,1564-1616,Sakespeĩros, Uíïlliam,1564-1616,Schekspirs, Wiljams,1564-1616,Sekspiri, Viliam,1564-1616,Shekspir, Uiliem,1564-1616,Sekspir, Vilijam,1564-1616,Bacon-Shakespeare, Francis,1564-1616,Pseudo-Shakespeare,1564-1616,Šekspir, U.,1564-1616,Shaekespeare, William,1564-1616,Shakespear, Wilhelm,1564-1616,Shakespear, Willhelm,1564-1616,Shakespere, William,1564-1616,Shakspear, William,1564-1616,Shakspere, William,1564-1616,Šekspyras,1564-1616,Šekspir, Uilʹjam,1564-1616,Shakespere, Vilmos,1564-1616,Šekspir, Uiljam,1564-1616,Šekspir, Villiam,1564-1616,Sheḳspir, Ṿilyam,1564-1616,Sheḳsper,1564-1616,Shekspir, Uiljjam,1564-1616 , Spenser, Edmondo,1552-1599,Spenser, Edmond,1552-1599,Spenser, Edmunde,1552-1599,Spencer, Edmund,1552-1599,Spencer,1552-1599,Immerito,1552-1599,Imenito,1552-1599 , Hofkultur,Hofleben,Höfische Lebensweise,Adelskultur , Mittelstandskongress,Kongress für den Mittelstand,Dialogue , Dialogliteratur,Zwiegespräch,Dialoge,Dialogue,Wechselrede , Hofkultur,Hofleben,Höfische Lebensweise,Adelskultur , Lesepublikum,Leserschaft , Girard, René Noël Théophile,1923-2015,Žurar, Rene,1923-2015